| 000 | 01315nam a2200277Ia 4500 | ||
|---|---|---|---|
| 001 | 21636 | ||
| 005 | 20260416150020.0 | ||
| 008 | 260320s9999||||xx |||||||||||||| ||und|| | ||
| 020 | _a9789585033641 | ||
| 041 | _aESP | ||
| 082 |
_a339.098 _bO31 |
||
| 100 |
_aOchoa Díaz, Héctor, _eAUT |
||
| 245 | 0 | _aMacroeconomía para la gerencia latinoamericana | |
| 250 | _aPrimera edición | ||
| 260 |
_aBogotá : _bEcoe Ediciones, _c2022 |
||
| 300 |
_a221 páginas : _btablas, gráficos ; _c24 cm. |
||
| 440 | _a(Ciencias empresariales. Economía) | ||
| 650 | _aCIS | ||
| 653 | _aMacroeconomía - América Latina - Estudio de casos; Política fiscal - América Latina; Politica monetaría - América Latina | ||
| 654 | _aCAN | ||
| 700 |
_aGiovanni González Espitia, Carlos, _cAUT |
||
| 856 |
_uhttps://0u213wr4a-y-https-ebooks7--24-com.itmsp.museknowledge.com/visorBook.aspx?i=16476&t=871A8D76-43E5-4AA4-B358-BE6935B0B514 _zVéase además: Macroeconomía: versión para Latinoamérica. Versión digital |
||
| 856 |
_uhttps://0u213wr54-y-https-ebooks7--24-com.itmsp.museknowledge.com/biblioteca.aspx _zVéase además: Base de datos Ebook7-24 |
||
| 856 |
_uhttps://0u20fwr4n-y-https-research-ebsco-com.itmsp.museknowledge.com/c/qxo6us/search _zVéase además: Base de datos EBSCOhost |
||
| 942 |
_cLIB _dJUS _fMAT _2ddc |
||
| 999 |
_c21636 _d21636 |
||